000
00241nam a22001217a 4500
003
SGT
082
_b
SIN
100
_a
SINGH, Y.K.
245
_a
TEACHING OF ENGLISH
260
_a
DELHI
_b
APH PUB.
_c
2018
300
_a
297
942
_2
ddc
_c
BK
999
_c
19917
_d
19917